00653nam a2200193Ia 4500008004100000020001500041082001500056100001900071245005200090250000700142260005600149300003000205500001900235600002700254650005000281942000700331952010600338999001500444240925s9999 xx 000 0 und d a020163175x a004.68 THE aTheakston, Ian 0aNetWare LANs: performance and trouble shooting  aNA aWokingham:bAddison-Wily Publishing Companyc,1995. axxvii,922p.bNAfOriginal aIncludes Index aEngineering Technology aComputer science, information & general works cBK 001040708ETaUITUbUITUd2001-04-20eNAl0o004.68 THEpQ3506r2024-09-25 07:13:10w2024-09-25yBK c6005d6005